000
00318 a2200133 4500
005
20250709071832.0
020
_a
978-1-399-80619-0
082
_a
951.93052 HOP
100
_a
HOPE, B
245
_a
The Rebel and the Kingdom
260
_a
London
_b
Hodder &Stoughton
_c
2022
300
_a
239p.;ill
_c
20cm.
942
_2
ddc
_c
BKS
999
_c
6621
_d
6621